[Event "Barnaul Kura Memorial"]
[Site "Barnaul"]
[Date "2023.02.25"]
[Round "1"]
[White "Plotnikov, Alexander"]
[Black "Afanasiev, Nikita"]
[Result "0-1"]
[WhiteElo "2171"]
[BlackElo "2536"]
[PlyCount "48"]
[EventDate "2023.02.25"]
[EventType "swiss (rapid)"]
[EventRounds "11"]
[EventCountry "RUS"]
[SourceTitle "CBM 213 Extra"]
[Source "ChessBase"]
[SourceDate "2023.05.31"]
[SourceVersion "1"]
[SourceVersionDate "2023.05.31"]
[SourceQuality "1"]

1. Nf3 d5 2. c4 d4 3. e4 Nc6 4. d3 e5 5. Be2 Bb4+ 6. Nbd2 a5 7. a3 Be7 8. b3 Nf6 9. Nf1 Nd7 10. Ng3 h5 11. h4 Nf8 12. Bg5 Ne6 13. Bxe7 Qxe7 14. Nf5 Qf6 15. g4 hxg4 16. Nh2 g6 17. Nxg4 Qd8 18. Nfh6 Nf4 19. b4 f5 20. exf5 gxf5 21. b5 fxg4 22. bxc6 Rxh6 23. Bxg4 Rxh4 24. Bxc8 Rxh1+ 0-1

[Event "Barnaul Kura Memorial"]
[Site "Barnaul"]
[Date "2023.02.25"]
[Round "3"]
[White "Plotnikov, Alexander"]
[Black "Volchkova, Alena"]
[Result "1/2-1/2"]
[WhiteElo "2171"]
[BlackElo "1769"]
[PlyCount "75"]
[EventDate "2023.02.25"]
[EventType "swiss (rapid)"]
[EventRounds "11"]
[EventCountry "RUS"]
[SourceTitle "CBM 213 Extra"]
[Source "ChessBase"]
[SourceDate "2023.05.31"]
[SourceVersion "1"]
[SourceVersionDate "2023.05.31"]
[SourceQuality "1"]

1. Nf3 Nf6 2. c4 g6 3. b4 Bg7 4. Bb2 0-0 5. g3 d6 6. d3 a5 7. a3 e5 8. Nbd2 Nc6 9. b5 Ne7 10. Bg2 Nh5 11. 0-0 f5 12. Qb3 Kh8 13. Rac1 f4 14. c5 fxg3 15. hxg3 a4 16. Qa2 Ra5 17. b6 cxb6 18. cxd6 Qxd6 19. Nc4 Qe6 20. Qa1 Rc5 21. Bxe5 b5 22. Bxg7+ Nxg7 23. Ne3 Rxc1 24. Rxc1 Nef5 25. Nxf5 Qxf5 26. Rc7 Bd7 27. Qd4 Rd8 28. Ne5 Qf6 29. Rxd7 Rxd7 30. Qxd7 Qxe5 31. Qd8+ Ne8 32. Bxb7 Kg7 33. Qd7+ Kh6 34. Qh3+ Kg7 35. Qd7+ Kh6 36. Qh3+ Kg7 37. Qd7+ Kh6 38. Qh3+ 1/2-1/2